[Event "RUS-chT Blitz Men 2018"]
[Site "Sochi"]
[Date "2018.10.10"]
[Round "7"]
[White "Oganian, Miran"]
[Black "Belyakov, Bogdan"]
[Result "0-1"]
[WhiteElo "2435"]
[BlackElo "2458"]
[Annotator "TA"]
[PlyCount "134"]
[EventDate "2018.10.10"]
[EventType "swiss"]
[EventCountry "RUS"]
[SourceTitle "playchess.com"]
[Source "ChessBase"]
[SourceQuality "1"]

{[%evp 9,134,7,10,0,7,8,18,8,7,0,25,0,23,0,0,-9,0,-14,0,7,29,21,12,0,0,0,9,0,16,12,0,13,11,25,42,10,37,41,70,55,108,113,153,148,228,233,401,362,538,514,510,508,670,645,656,668,660,668,653,658,645,643,1608,1530,1368,1277,1673,1415,29988,1494,29986,29982,29990,29990,29989,29986,29988,29974,29990,0,0,0,0,0,0,0,0,0,32,0,0,0,0,0,0,0,0,0,32,32,32,32,1086,0,0,0,850,0,0,0,0,0,0,0,0,0,0,-179,-179,-179,-20,-259,-259,-259,-259,-273,-61]} 1. b3 e5 2. Bb2 d6 3. e3 Nc6 4. c4 Nf6 5. Nf3 g6 6. d4 {[%cal Rd4e5] A01: Nimzowitsch-Larsen Opening} exd4 7. Nxd4 Bg7 8. Be2 {The position is equal.} O-O 9. O-O Re8 10. Nd2 $146 ({Predecessor:} 10. Nxc6 bxc6 11. Bf3 Bd7 12. Nc3 Rb8 13. h3 c5 14. Qd2 h5 15. Rad1 Qe7 16. Rfe1 {1-0 (38) Karjakin,S (2773)-Kasparov,G (2812) Saint Louis 2017}) 10... a5 11. Qc2 Nb4 12. Qd1 Bd7 13. Bf3 Rb8 14. a3 Na6 {[%cal Bb4a6,Ba6c5,Bc5a4][%mdl 32]} 15. Qc2 Nc5 16. b4 Na4 17. Bc1 c5 18. Nb5 $1 Bxb5 19. cxb5 Nd7 20. Qxa4 {Strongly threatening Ra2.} Bxa1 21. bxa5 Bg7 22. Nc4 Ne5 23. Bd5 Nxc4 24. Qxc4 Qe7 (24... Qd7 $14) 25. Bd2 $16 {[%mdl 1024] White has strong compensation.} h5 26. a4 Rf8 {[#]} (26... Qd7 $16) 27. Rb1 $1 $18 Qc7 $2 (27... Kh7 28. a6 bxa6) 28. b6 Qd7 (28... Qd8 {might work better.} 29. Qe4 Qc8) 29. a6 bxa6 30. Qxa6 Qf5 31. e4 Qe5 32. Qc4 Rxb6 33. Rxb6 Qa1+ 34. Qf1 Qxa4 35. Rxd6 Be5 36. Rxg6+ Kh7 37. Rh6+ {[%cal Bg6h6,Bh6h5,Bh5g5][%mdl 32]} Kg7 38. Rxh5 Bd4 39. Be3 (39. Bh6+ $142 Kh7 40. Bxf8+ Kg8 41. Bd6 Bc3 42. Rf5 Qa1 43. Qxa1 Bxa1 44. Rxf7) 39... Qc2 40. g3 Rb8 41. Bxd4+ cxd4 42. Kg2 d3 43. Rg5+ Kf8 44. Rf5 $2 (44. Qa1 {mates} Qb2 45. Qa7 Rb7 46. Bxb7 Qf6 47. Qb8+ Ke7 48. Rg8 Qd6 49. Re8+ Kf6 50. Qxd6+ Kg5 51. Re5+ f5 52. Rxf5+ Kg4 53. h3#) 44... Rb1 $11 45. Rxf7+ Ke8 46. Qxb1 Qxb1 {[%mdl 4096] Endgame KQ-KRB} 47. Rb7 Qc2 {Threatens to win with ...d2.} 48. Bb3 Qc1 49. Ba4+ Kf8 50. Rd7 Qc4 51. Bd1 Qxe4+ 52. Bf3 Qc4 $1 53. h4 {[%cal Bh2h4,Bh4h5][%mdl 32]} Ke8 54. Rd5 Ke7 55. h5 {And now h6 would win.} Ke6 $2 {[%mdl 8192]} (55... Kf7 $14) 56. Rd8 $2 ({Only move:} 56. h6 $18) 56... Ke7 57. Rd5 $2 {[%mdl 8192]} (57. Ra8 $11 Qe6 58. Ra1) 57... Ke6 $18 58. Rg5 $2 (58. h6 $18 Qc7 59. Be4) 58... d2 $11 59. Rg6+ Ke7 60. Rg4 Qd3 {Hoping for ...Qxf3+!} 61. Rf4 Qxf3+ 62. Rxf3 {Rd3 would kill now.} d1=Q {KQ-KR} 63. Rf5 $2 {[#]} (63. g4 $1 $11 {and White is okay.}) 63... Ke6 $1 $19 {[%cal Re6f5]} 64. Rg5 Kf6 $2 (64... Qd2 $19 65. Rg6+ Kf5 66. g4+ Ke5) 65. Rc5 $2 (65. f4 $1 $11 {and White has nothing to worry.}) 65... Qd6 {Black has a decisive advantage.} 66. Ra5 Qb6 67. Ra3 Ke5 $2 {Precision: White = 53%, Black = 36%.} (67... Qb7+ $19 68. Kg1 Kg5) 0-1

[Event "RUS-chT Blitz Men 2018"]
[Site "Sochi"]
[Date "2018.10.10"]
[Round "7"]
[White "Pogromsky, Mikhail"]
[Black "Cherenkov, Andrey"]
[Result "1-0"]
[WhiteElo "2415"]
[BlackElo "2226"]
[Annotator "TA"]
[PlyCount "59"]
[EventDate "2018.10.10"]
[EventType "swiss"]
[EventCountry "RUS"]
[SourceTitle "playchess.com"]
[Source "ChessBase"]
[SourceQuality "1"]

{[%evp 14,59,40,41,51,55,89,89,115,118,136,134,160,162,153,156,152,-95,-88,-97,-92,-133,-134,-133,101,88,133,134,194,176,405,406,354,355,516,550,511,522,510,477,718,683,967,777,754,742,1983,1659]} 1. Nf3 Nf6 2. c4 e6 3. g3 b6 4. Bg2 Bb7 5. O-O Be7 6. Nc3 O-O 7. Re1 c5 8. e4 d6 {A30: Symmetrical English: Double Fianchetto and Hedgehog} 9. d4 {[%cal Bd2d4,Bd4d5][%mdl 32]} Qc7 $146 ({Predecessor:} 9... cxd4 10. Nxd4 Qc8 11. Be3 a6 12. Rc1 Nbd7 13. f4 Nc5 14. Bf2 g6 15. b4 Ncd7 16. b5 h5 17. Nc6 Bxc6 18. bxc6 Nc5 19. Bxc5 bxc5 {½-½ (41) Malakhov,V (2703)-Korobov,A (2674) Sochi 2016}) 10. d5 e5 {White is better.} 11. Nh4 g6 12. Bh6 Rc8 13. f4 Nbd7 14. f5 Kh8 15. g4 $2 {[#]} (15. Nf3 $16 {stays on course.}) 15... Ng8 $1 $17 {[%csl LRh4,LRh6]} 16. Nxg6+ fxg6 17. Be3 Qd8 18. Qd2 Kg7 $2 (18... Bh4 $17 {and life is bright. And now ...Ngf6 would win.} 19. g5 Bxe1 20. Rxe1 Qc7) 19. g5 $16 Nf8 20. Rf1 {[%cal Be1f1,Bf1f3,Bf3f6][%mdl 32]} Kh8 (20... Ba6 $16) 21. f6 $18 Nxf6 $2 (21... Ba6 22. fxe7 Qxe7) 22. gxf6 Bxf6 23. Rf3 Qe7 (23... Ba6 {might work better.} 24. Raf1 Be7) 24. Raf1 {White is clearly winning.} Nd7 {intending ...Rf8.} 25. Bh3 Rf8 26. Bxd7 Qxd7 (26... Bh4 $142 27. Bc6 Rxf3) 27. Rxf6 Qg4+ 28. Qg2 Qxg2+ 29. Kxg2 Kg7 {[#]} 30. Bh6+ $1 {[%mdl 512] Precision: White = 74%, Black = 31%.} 1-0

[Event "RUS-chT Blitz Men 2018"]
[Site "Sochi"]
[Date "2018.10.10"]
[Round "7"]
[White "Savitskiy, Sergey"]
[Black "Murzin, Volodar"]
[Result "1-0"]
[WhiteElo "2413"]
[BlackElo "2340"]
[Annotator "TA"]
[PlyCount "45"]
[EventDate "2018.10.10"]
[EventType "swiss"]
[EventCountry "RUS"]
[SourceTitle "playchess.com"]
[Source "ChessBase"]
[SourceQuality "1"]

{[%evp 22,45,-12,-5,10,0,21,27,22,-8,21,9,35,18,60,50,108,97,334,344,507,494,2187,2165,1647,1586]} 1. e4 c6 2. d4 d5 3. Nc3 dxe4 4. Nxe4 Bf5 5. Ng3 Bg6 6. Bc4 Nd7 7. N1e2 Ngf6 8. O-O e6 9. f4 {B18: Classical Caro-Kann: 4...Bf5 sidelines} Bd6 (9... Nb6 10. Bd3 Bxd3 11. Qxd3 g6 12. Kh1 Bg7 13. f5 O-O 14. fxe6 fxe6 15. Nf4 Qd7 16. Bd2 Nfd5 {1-0 (26) Rodriguez Vila,A (2459)-Umetsubo,C (2415) Florianopolis 2018}) 10. f5 exf5 11. Nxf5 Bxf5 12. Rxf5 {LiveBook: 5 Games} O-O 13. Bg5 h6 14. Bh4 Qc7 15. Bg3 Ne4 $146 {[%cal Rd6g3]} 16. Qd3 Nxg3 17. hxg3 Nb6 18. Bb3 $1 Kh8 (18... c5 $14 19. dxc5 Bxc5+ 20. Kh2 Rad8) 19. Raf1 $16 f6 $2 {[#]} (19... Nd5 $16 {keeps fighting.}) 20. c4 $1 $18 c5 (20... Qe7 $142 21. c5 Rfe8) 21. Bc2 {White is clearly winning.} cxd4 {[#]} (21... g6 $142 22. Rxf6 Rxf6) 22. Rc5 $1 {[%csl Gc2][%cal Rd3h7][%mdl 512]} f5 (22... Qxc5 23. Qh7#) 23. Rxc7 {Precision: White = 81%, Black =  2%.} 1-0

[Event "RUS-chT Blitz Men 2018"]
[Site "Sochi"]
[Date "2018.10.10"]
[Round "7"]
[White "Sergeyev, Alexander"]
[Black "Vastrukhin, Oleg"]
[Result "0-1"]
[WhiteElo "2397"]
[BlackElo "2413"]
[Annotator "TA"]
[PlyCount "73"]
[EventDate "2018.10.10"]
[EventType "swiss"]
[EventCountry "RUS"]
[SourceTitle "playchess.com"]
[Source "ChessBase"]
[SourceQuality "1"]

{[%evp 9,73,30,37,-8,-6,-6,12,0,12,0,0,0,0,-13,35,35,94,0,0,0,0,0,0,-34,-22,-31,0,-27,0,0,0,10,9,-33,0,0,11,0,16,-20,14,0,0,0,0,0,0,0,0,-21,-12,-35,0,0,0,-19,-19,-19,-10,-39,0,-49,-51,-49,-50,-49]} 1. e4 g6 2. Nc3 Bg7 3. d4 c6 4. Bg5 d5 5. Nf3 Nf6 6. exd5 {B06: Modern Defence} cxd5 7. Bd3 O-O 8. O-O {The position is equal.} Nc6 9. h3 Nb4 $146 ({Predecessor:} 9... a6 10. Qd2 Re8 11. Rfe1 b5 12. Bh6 Nb4 13. Bxg7 Kxg7 14. Ne5 {½-½ (29) Suder,R (2133)-Krylov,S (2333) Zaragoza 2013}) 10. Re1 Nxd3 11. Qxd3 Bf5 12. Qb5 e6 {[#]} ({Black should try} 12... Be6 $14) 13. Qb3 ({Reject} 13. Qxb7 $6 Rb8 $11) (13. g4 $1 $16) 13... h6 $11 14. Bxf6 Qxf6 15. Ne5 Qg5 {aiming for ...Bxh3.} 16. Ne2 Rac8 17. Nf3 Qe7 (17... Bxc2 {feels hotter.} 18. Qxb7 Qf5 19. Qxa7 Be4 20. Qa3 Rc2) 18. Rac1 a5 19. Ng3 Qc7 {[%cal Rf5c2]} 20. Nxf5 gxf5 21. Qe3 Kh7 (21... Qc4 $5 {[%cal Rc4a2]}) 22. c3 Bf6 23. Kh1 Rg8 24. Rg1 Rg6 25. g4 fxg4 26. Rxg4 Rxg4 27. hxg4 Rg8 28. Rg1 Bg5 29. Qd3+ Kg7 30. Ne5 f6 {[%cal Bf7f6,Bf6f5,Bf5f4][%mdl 32]} 31. Nf3 $1 Qf4 32. Rg3 (32. Rg2 {is interesting.} Rh8 33. Nh2 Qc1+ 34. Nf1 Bf4 35. Qb5) 32... Qe4 33. Qxe4 dxe4 34. Ng1 f5 35. Ne2 f4 36. Rh3 Kf6 37. f3 {Precision: White = 35%, Black = 44%.} 0-1

[Event "RUS-chT Blitz Men 2018"]
[Site "Sochi"]
[Date "2018.10.10"]
[Round "7"]
[White "Gogolev, Artem"]
[Black "Uzhva, Andrey"]
[Result "1/2-1/2"]
[WhiteElo "2389"]
[BlackElo "2270"]
[Annotator "NA"]
[PlyCount "37"]
[EventDate "2018.10.10"]
[EventType "swiss"]
[EventCountry "RUS"]
[SourceTitle "playchess.com"]
[Source "ChessBase"]
[SourceQuality "1"]
[TimeControl "180+2"]

1. Nf3 {[%emt 0:00:00]} Nf6 {[%emt 0:00:00]} 2. g3 {[%emt 0:00:00]} g6 {[%emt 0:00:00]} 3. b3 {[%emt 0:00:01]} Bg7 {[%emt 0:00:00]} 4. Bb2 {[%emt 0:00:01]} b6 {[%emt 0:00:02]} 5. Bg2 {[%emt 0:00:01]} Bb7 {[%emt 0:00:01]} 6. O-O {[%emt 0:00:03]} O-O {[%emt 0:00:01]} 7. c4 {[%emt 0:00:01]} c5 {[%emt 0:00:01]} 8. Nc3 {[%emt 0:00:03]} Nc6 {[%emt 0:00:01]} 9. e3 {[%emt 0:00:03]} d5 {[%emt 0:00:37]} 10. Nxd5 {[%emt 0:00:19]} Nxd5 {[%emt 0:00:02]} 11. Bxg7 {[%emt 0:00:02]} Nxe3 {[%emt 0:00:23]} 12. dxe3 {[%emt 0:00:04]} Kxg7 {[%emt 0:00:02]} 13. Qc2 {[%emt 0:00:12]} Qc7 {[%emt 0:00:29]} 14. Qc3+ {[%emt 0:00:06]} Kg8 {[%emt 0:00:01]} 15. Rad1 {[%emt 0:00:02]} Rad8 {[%emt 0:00:02]} 16. h4 {[%emt 0:00:04]} h5 {[%emt 0:00:21]} 17. a3 {[%emt 0:00:14]} Rd7 {[%emt 0:00:11]} 18. Rxd7 {[%emt 0:01:01]} Qxd7 {[%emt 0:00:01]} 19. b4 {[%emt 0:00:06]} 1/2-1/2

[Event "RUS-chT Blitz Men 2018"]
[Site "Sochi"]
[Date "2018.10.10"]
[Round "7"]
[White "Dilmukhametov, Artur"]
[Black "Diakonova, Ekaterina"]
[Result "1-0"]
[WhiteElo "2353"]
[BlackElo "2236"]
[Annotator "TA"]
[PlyCount "100"]
[EventDate "2018.10.10"]
[EventType "swiss"]
[EventCountry "RUS"]
[SourceTitle "playchess.com"]
[Source "ChessBase"]
[SourceQuality "1"]

{[%evp 9,100,18,28,22,27,27,27,27,41,25,34,29,28,27,35,37,42,39,48,59,59,62,74,58,62,27,58,22,24,13,14,14,14,7,11,0,0,0,0,0,7,0,20,14,18,8,37,0,0,0,27,0,0,0,0,0,40,36,61,58,143,135,392,408,376,377,446,442,457,445,461,500,444,472,493,463,457,267,245,193,231,197,163,158,199,110,836,835,796,723,2579,2562,29990]} 1. d4 Nf6 2. Nc3 d5 3. Bf4 c6 4. e3 Bf5 5. f3 (5. Nf3 h6 6. Ne5 Nbd7 7. g4 Bh7 8. h4 Nxe5 9. dxe5 Ne4 10. Nxe4 Bxe4 11. f3 Bh7 12. e6 {1-0 (57) Bortnyk,O (2610)-Dreev,A (2653) Riadh 2017}) 5... e6 6. g4 {D00: 1 d4 d5: Unusual lines} Bg6 7. h4 {[#] Black must now prevent h5.} h5 {White should prevent ...hxg4.} 8. g5 {White has an edge.} Ng8 9. Bd3 (9. Qd2 {keeps more tension.} Nd7 10. O-O-O b5 11. Kb1 Nb6 12. Nh3) 9... Bxd3 10. Qxd3 Bd6 11. Nge2 Ne7 12. O-O-O Na6 $146 13. e4 Bxf4+ 14. Nxf4 g6 15. Qe3 Qd6 16. Nd3 O-O 17. Ne2 Nb4 18. Nxb4 (18. Ndf4 {is more complex.} Rac8 19. a3 Na6 20. Kb1 Rfd8 21. Nc3) 18... Qxb4 19. Nf4 Rac8 20. Nd3 Qd6 21. Kb1 b6 22. Qf4 Qxf4 23. Nxf4 Rfd8 24. c3 Rd7 25. Nd3 Rcd8 26. Ne5 Rc7 27. Rd2 Nc8 28. Rc1 Nd6 29. Re2 Nc4 30. Nd3 dxe4 31. fxe4 c5 32. b3 Nd6 33. dxc5 bxc5 34. Ne5 a5 (34... Rb8 $14) 35. Rd1 Rcc8 $2 {[%mdl 8192]} (35... Kf8 $16 36. Red2 Ke7) 36. Red2 $18 Nb7 37. Rd7 Rxd7 38. Rxd7 {[%mdl 4096] Endgame KRN-KRN} ({Less strong is} 38. Nxd7 a4 $16) 38... Nd8 39. Ra7 Nc6 40. Nxc6 Rxc6 41. Rxa5 {KR-KR} e5 42. Ra8+ Kg7 43. Re8 (43. a4 $142) 43... f6 44. Re7+ Kf8 45. gxf6 Rxf6 46. Rxe5 {Threatens to win with a4.} Rf4 47. a4 (47. Rxc5 $18 {b4 is the strong threat.} Rxh4 48. a4) 47... g5 $2 {[%mdl 8192]} (47... Rxh4 $16 48. a5 (48. Rxc5 Rxe4 49. a5 h4 $16) 48... Kf7 49. Rxc5 Rxe4) 48. Rxg5 {[#] aiming for Rf5+.White is clearly winning.} Rxh4 49. Rxc5 Rxe4 50. Rxh5 Rd4 {Precision: White = 57%, Black = 43%.} 1-0

[Event "RUS-chT Blitz Men 2018"]
[Site "Sochi"]
[Date "2018.10.10"]
[Round "7"]
[White "Derjabin, Ilja"]
[Black "Kezin, Roman"]
[Result "0-1"]
[WhiteElo "2345"]
[BlackElo "2471"]
[Annotator "TA"]
[PlyCount "84"]
[EventDate "2018.10.10"]
[EventType "swiss"]
[EventCountry "RUS"]
[SourceTitle "playchess.com"]
[Source "ChessBase"]
[SourceQuality "1"]

{[%evp 9,84,-15,-10,-19,-11,-15,-15,-42,-25,-30,-20,-45,-37,-43,-37,-57,-57,-50,-65,-66,-70,-76,-58,-109,6,-81,-74,-137,-83,-105,-84,-307,-211,-200,-186,-176,-192,-191,-172,-198,-209,-311,-216,-216,-216,-306,-235,-224,-13,-16,-25,-39,-35,-199,-197,-354,-331,-463,-461,-404,-397,-662,-399,-402,-401,-929,-929,-908,-901,-954,-845,-1714,-1521,-1295,-1180,-1022,-1019]} 1. d4 d5 2. Nc3 Nf6 3. Bg5 Nbd7 4. e3 e6 5. Nf3 c5 6. Be2 {D01: Veresov Opening} Be7 (6... a6 7. O-O Be7 8. a4 b6 9. h3 O-O 10. Bf4 Bb7 11. Nb1 c4 12. c3 b5 {½-½ (28) Olsen,S (2470)-Pepene,G (2480) ICCF email 2016}) 7. O-O O-O 8. a3 {The position is equal.} b6 9. h3 Bb7 10. Bd3 $146 ({Predecessor:} 10. Bf4 a6 11. Rb1 Rc8 12. a4 Nb8 13. Ne5 Nc6 14. Nxc6 Rxc6 {½-½ (83) Nielsen,K (2057)-Agustsson,H (1844) Helsingor 2018}) 10... Ne4 11. Bxe7 Qxe7 12. Bxe4 dxe4 13. Nd2 cxd4 14. exd4 f5 15. Qe2 Rad8 16. Rad1 (16. f3 $15) 16... Kh8 (16... Nf6 $17 17. Qc4 Nh5) 17. Nc4 (17. f3 $1 $11) 17... Ba6 $17 {Threatens to win with ...Rc8.} 18. b3 (18. a4 $142) 18... Nf6 (18... Rc8 $142 19. Nb1 Nf6) 19. a4 Nd5 {[%cal Bf6d5,Bd5c3,Bc3d1][%mdl 32]} 20. Nb5 $2 (20. Qd2 $17) 20... Bxb5 21. axb5 Nc3 $1 $36 {[%csl LRb5,LRd1,LRe2][%mdl 2048] White is under strong pressure.} 22. Qe3 Nxd1 23. Rxd1 Qb4 24. Ra1 Rd7 ({Much less strong is} 24... Qxb5 25. Rxa7 Rd7 26. Ra4 $15) 25. Qf4 (25. Ra4 {was called for.} Qxb5 26. Ne5) 25... Qxb5 26. Ne5 {[#]} Rb7 $1 ({Less strong is} 26... Rxd4 27. Rxa7 Qc5 28. Nf7+ Rxf7 29. Rxf7 $15) 27. h4 (27. Qe3 $142) 27... Qd5 28. Rd1 Rc8 $2 ({Better is} 28... Qa5 $19 29. Qg3 Qa3) 29. c4 $11 Qd8 {White must now prevent ...Kg8.} 30. d5 $1 exd5 31. Rxd5 $2 (31. cxd5 $15 g6 32. d6) 31... Qf6 $19 32. h5 $2 (32. Rd6 {keeps fighting.} Qe7 33. Nc6) 32... Re7 33. b4 Rce8 34. Nd7 Qe6 35. Nb8 $2 (35. Ne5 a5 36. bxa5) 35... Rf7 {[#] ...Qc8 is the strong threat.} 36. b5 Qh6 37. Qh4 (37. Qxh6 $142 gxh6 38. Nc6) 37... e3 {Black is clearly winning.} 38. fxe3 Qxe3+ 39. Kh2 Qe4 40. Qxe4 fxe4 41. Nc6 e3 42. Nd4 h6 {Precision: White = 37%, Black = 66%.} 0-1

[Event "RUS-chT Blitz Men 2018"]
[Site "Sochi"]
[Date "2018.10.10"]
[Round "7"]
[White "Chizhikov, Vladislav"]
[Black "Moiseenko, Vadim"]
[Result "0-1"]
[WhiteElo "2304"]
[BlackElo "2492"]
[Annotator "TA"]
[PlyCount "86"]
[EventDate "2018.10.10"]
[EventType "swiss"]
[EventCountry "RUS"]
[SourceTitle "playchess.com"]
[Source "ChessBase"]
[SourceQuality "1"]

{[%evp 12,85,-35,-26,-17,-20,0,-9,-21,-24,-27,-25,-8,-34,0,0,0,0,0,0,0,0,91,77,165,160,170,172,181,180,218,134,150,79,83,74,68,69,71,71,82,55,72,70,108,122,121,125,108,118,109,29,123,44,85,0,0,0,58,32,56,-82,-17,-83,-69,-132,-108,-138,-133,-135,-108,-285,-274,-316,-324,-29999]} 1. e4 e5 2. Nf3 Nc6 3. Nc3 Nf6 4. Be2 Bd6 (4... d5 5. exd5 Nxd5 6. O-O Nxc3 7. bxc3 e4 8. Ne1 Bd6 9. f3 f5 10. fxe4 fxe4 11. Rb1 Qe7 12. d4 exd3 13. cxd3 Bd7 14. Rxb7 O-O-O 15. Rb2 {1-0 (29) Van Foreest,J (2629)-Giri,A (2752) Amstelveen 2017}) 5. O-O O-O 6. d4 {C47: Scotch Four Knights and Four Knights with 4 g3} exd4 7. Nxd4 {LiveBook: 3 Games} Re8 8. Bf3 $146 {The position is equal.} ({Predecessor:} 8. Bg5 Be5 9. Nf3 Bxc3 10. bxc3 Qe7 {1-0 (21) Koski,C (1287)-Eicholtz,J (1200) IECG email 2001}) 8... Be5 9. Nde2 d6 10. h3 h6 11. Be3 Be6 12. Qd3 Qd7 13. Rad1 Bxh3 14. gxh3 Qxh3 {[%csl Ge5][%cal Rh3h2] [#]} ({Reject} 14... Nb4 $6 15. Qd2 $16) 15. Ng3 $1 Bxg3 16. fxg3 {And now Bg2 would win.} Qxg3+ {[#]} (16... Ng4 $1 $11 17. Qe2 Qxg3+ 18. Kh1 Qh3+ 19. Kg1 Qg3+ 20. Kh1 Nxe3 21. Qxe3 Qh3+ 22. Kg1 Qg3+ 23. Kh1 Qh3+ 24. Kg1 Qg3+ 25. Kh1) 17. Bg2 $1 $16 Ng4 (17... Ne5 $16 18. Bf4 Qxf4 19. Rxf4 Nxd3 20. cxd3 Re5) 18. Bf4 $18 Qxd3 19. cxd3 Nd4 20. Bh3 Ne5 21. Be3 Ne6 22. Nd5 (22. Kf2 $142) 22... c6 $16 23. Bxe6 Rxe6 24. Nf4 Re7 25. Kg2 a6 26. Nh5 Kh7 27. Ng3 g6 28. Rh1 {aiming for Bg5.} h5 29. Bg5 Re6 30. d4 Ng4 31. Rdf1 (31. Kf3 $16) 31... f6 (31... Kg8 $11 {keeps the balance.}) 32. Bd2 ({Better is} 32. Bf4 $16) 32... Rae8 33. Rf4 (33. Bf4 $16) 33... Kg7 $11 34. Kf3 d5 (34... R6e7 $11) 35. exd5 $1 $14 cxd5 36. Rc1 {[#]} (36. Rxh5 $1 $14 {stays ahead.} gxh5 37. Nxh5+ Kg6 38. Kxg4) 36... R8e7 (36... Rc6 $1 $17 {Strongly threatening ...Rxc1.} 37. Rxc6 bxc6) 37. Bb4 (37. Rh1 $11) 37... Rd7 38. Re1 (38. Rh1 $15) 38... Rxe1 $17 39. Bxe1 Re7 40. Bd2 f5 {[%mdl 1024] Black has strong compensation.} 41. Kg2 $2 (41. Ne2 $17) 41... h4 $19 42. Nf1 Re2+ 43. Kf3 $2 (43. Kh3 $19 Nf2+ 44. Kxh4) 43... Rf2# {Precision: White = 40%, Black = 31%.} 0-1

[Event "RUS-chT Blitz Men 2018"]
[Site "Sochi"]
[Date "2018.10.10"]
[Round "7"]
[White "Jary, Sergey"]
[Black "Bocharov, Dmitry"]
[Result "1-0"]
[WhiteElo "2286"]
[BlackElo "2557"]
[Annotator "TA"]
[PlyCount "93"]
[EventDate "2018.10.10"]
[EventType "swiss"]
[EventCountry "RUS"]
[SourceTitle "playchess.com"]
[Source "ChessBase"]
[SourceQuality "1"]

{[%evp 13,93,16,21,15,13,0,1,0,0,0,83,0,29,-5,47,46,45,43,41,48,45,29,19,-4,-4,-153,-153,-153,-154,-151,-152,-220,-223,-216,0,-53,13,-79,26,20,17,0,54,12,214,206,207,212,218,217,323,298,330,329,364,368,410,392,447,446,467,441,860,857,2199,587,577,570,623,618,619,587,667,664,658,665,889,880,845,829,29992,29993]} 1. d4 {Meulders,R} f5 2. g3 Nf6 3. Bg2 e6 4. c4 d5 5. Nf3 Bd6 6. O-O O-O 7. b3 b6 {LiveBook: 48 Games} 8. cxd5 {A90: Dutch Defence: Miscellaneous and Modern Stonewall (with ...Bd6)} (8. Ba3 Ne4 9. Bxd6 Qxd6 10. cxd5 exd5 11. e3 Ba6 12. Re1 Nd7 13. Qc1 c5 14. Qa3 Bb7 15. dxc5 bxc5 {0-1 (40) Melkumyan,H (2633)-Grischuk,A (2772) Riadh 2017}) 8... exd5 9. Bb2 $146 ({Predecessor:} 9. Ba3 Ne4 10. Bxd6 cxd6 11. Qc1 Bb7 12. Nc3 Nd7 13. Qb2 Qe7 14. e3 Ndf6 15. Rfc1 Rac8 {1-0 (36) Laznicka,V (2651)-L'Ami,E (2611) Baku 2016 CBM 175 [Meulders,R]}) 9... Bb7 10. e3 {The position is equal.} Qe7 11. Ne5 c5 (11... c6 $11) 12. Nd2 (12. Nc3 $16) 12... Nbd7 {[%cal Rd7e5]} 13. f4 Ne4 (13... Rae8 $11) 14. Nxe4 $14 fxe4 15. Bh3 Nf6 16. Rc1 Bc8 17. Bg2 Bf5 18. g4 Bxe5 $1 19. dxe5 (19. gxf5 $11 Bd6 20. Qe2 (20. dxc5 Bxc5 21. Bxf6 Bxe3+ 22. Kh1 Qxf6 $11)) 19... Nxg4 $17 20. Qxd5+ Kh8 21. Qd2 Rad8 {( -> ...Qh4)} 22. Qe1 (22. Qe2 $17) 22... Rd3 $19 23. Rc3 {Rxd3 is the strong threat.} Rfd8 $2 (23... Nxe3 $1 $19 24. Rxd3 Nxg2) 24. Bc1 (24. Rxd3 $11 Rxd3 25. Bc1) 24... h5 ({Black should try} 24... Rxc3 $15 25. Qxc3 Qh4) 25. h3 {[#]} (25. Rxd3 $11 Rxd3 26. h3) 25... Nh6 (25... Nf2 $1 $17 {[%cal Rf2h3]} 26. Kh2 (26. Rxf2 $2 Rd1 $19) 26... Rxc3 27. Qxc3 Nd3) 26. Rxd3 Rxd3 27. Qe2 Qe8 ({Better is} 27... Qh4 $11) 28. Rd1 Qg6 $2 {[#]} (28... Qd7 $11 29. Re1 g6) 29. Rxd3 $1 $18 exd3 30. Qf3 Qe8 31. e4 Qd7 (31... Qd8 $142 32. exf5 d2 33. Bxd2 Qxd2) 32. Bd2 ({Much less strong is} 32. exf5 $6 d2 $18) ({Not} 32. Qxh5 Qd4+ 33. Kh2 d2 $11) 32... Bh7 33. Qe3 ({Worse is} 33. Qxh5 Qd4+ 34. Kh1 Bxe4 $11) 33... Nf7 34. Bf1 Nd8 35. Qxd3 Qe8 36. f5 Nc6 37. Bc3 Nxe5 (37... Qe7 $142 38. e6 Qg5+ 39. Kh2 Nd4 40. Bxd4 cxd4) 38. Qg3 Ng6 39. fxg6 (39. f6 $142 Bg8 40. Qg5) 39... Bxg6 40. Qe5 {[%csl Gc3][%cal Re5g7]} Qf8 41. Bd3 Kh7 42. h4 Qf7 43. Kg2 Qd7 44. Kf2 b5 {[#]} 45. Bxb5 $1 {[%mdl 512]} Qf7+ (45... Qxb5 46. Qxg7#) 46. Ke3 Kg8 47. Bc4 {Precision: White = 49%, Black = 23%.} 1-0